Demonyms for British Towns - Statistics

General Stats
  • This quiz has been taken 33 times
  • The average score is 11 of 15
Answer Stats
Hint Answer % Correct
Mancunians Manchester
100%
Glaswegians Glasgow
97%
Cockney East London
94%
Scousers Liverpool
94%
Oxonians Oxford
94%
Brummies Birmingham
91%
Geordies Newcastle
91%
Cantabrigians Cambridge
78%
Bradistanis Bradford
75%
Brizzlies Bristol
75%
Loiners Leeds
63%
Diffies Cardiff
59%
Sheep Shaggers Aberdeen, Derby, Kettering, Shap, Shrewsbury
41%
Bomos Bournemouth
13%
Tubbies Bath
9%
No matching quizzes found
Score Distribution
Percent of People with Each Score
Percentile by Number Answered
Your Score History
You have not taken this quiz